00309 a2200097 4500001001000000005001700010008004100027245007600068100002400144773004300168ART_3514820260410161627.0260409a 10aLa sociedad de hecho agropecuaria y el nuevo Código Civil y Comercial1 aFerraro, Ricardo H.0 tEnfoquesg- Nº 10 (oct. 2015)wREV416